Energy policy strategies for uncertainty

Đã lưu trong:
書目詳細資料
主要作者: P. Lesley Cook
格式: 圖書
語言:Undetermined
出版: London martin Robertson 1977
主題:
標簽: 添加標簽
沒有標簽, 成為第一個標記此記錄!
Thư viện lưu trữ: Trung tâm Học liệu Trường Đại học Cần Thơ
LEADER 00519nam a2200193Ia 4500
001 CTU_106975
008 210402s9999 xx 000 0 und d
082 |a 333.7 
082 |b C771 
100 |a P. Lesley Cook 
245 0 |a Energy policy strategies for uncertainty 
245 0 |c P. Lesley Cook 
260 |a London 
260 |b martin Robertson 
260 |c 1977 
650 |a energy policy,energy policy 
650 |x great britain 
904 |i Truc 
980 |a Trung tâm Học liệu Trường Đại học Cần Thơ